| 000 | 00913nam a2200277 i 4500 | ||
|---|---|---|---|
| 001 | bg | ||
| 100 | 1 | _aPieniążek, Alicja. | |
| 245 | 1 | 0 |
_aProcesy stochastyczne w problemach i zadaniach : _bpodręcznik dla studentów wyższych szkół technicznych / _cAlicja Pieniążek, Jadwiga Weiss, Adam Winiarz ; Politechnika Krakowska im. Tadeusza Kościuszki. |
| 250 | _aWyd. 2 popr. i uzup. | ||
| 260 |
_aKraków : _bWydawnictwo PK, _c2007. |
||
| 300 |
_a270 s. : _bil. ; _c24 cm. |
||
| 504 | _aBibliogr. s. 267. Indeks. | ||
| 650 | 9 | _aRachunek prawdopodobieństwa | |
| 650 | 9 | _aProcesy stochastyczne | |
| 655 | _aPodręczniki akademickie | ||
| 700 | 1 | _aWeiss, Jadwiga | |
| 700 | 1 | _aWiniarz, Adam | |
| 020 | _a9788372424426 | ||
| 040 | _cBPK | ||
| 041 | 0 | _apol | |
| 044 | _aPOL | ||
| 080 | _a519.21(075.8) | ||
| 920 | _a978-83-7242-442-6 | ||
| 942 | _cKS | ||
| 008 | s pl f |000 0 pol | ||
| 999 |
_c55034 _d55034 |
||
| 856 |
_uhttp://koha.tu.koszalin.pl/cgi-bin/koha/opac-detail.pl?biblionumber=55034 _yKatalog online BPK |
||